Loading...
| History - European | 0 | 5 | 0 | 0 | 50 | 33 | 46.00 | 1 | 3 | 0.00 | 0.00 |
| History - American | 0 | 5 | 1 | 0 | 45 | 16 | 37.80 | 2 | 4 | 0.00 | 0.00 |
| Current Events | 0 | 3 | 0 | 0 | 30 | 37 | 44.00 | 0 | 2 | 0.00 | 0.00 |
| History - World | 0 | 3 | 0 | 0 | 30 | 14 | 35.00 | 2 | 2 | 0.00 | 0.00 |
| Literature - World | 0 | 3 | 0 | 0 | 30 | 64 | 83.00 | 0 | 1 | 0.00 | 0.00 |
| Social Science | 0 | 2 | 0 | 1 | 20 | 79 | 81.00 | 0 | 1 | 0.00 | 0.00 |
| History - Other | 0 | 2 | 0 | 0 | 20 | 54 | 55.50 | 0 | 1 | 0.00 | 0.00 |
| Literature - American | 0 | 1 | 0 | 1 | 10 | 112 | 112.00 | 0 | 0 | 0.00 | 0.00 |
| Literature - British | 0 | 1 | 0 | 0 | 10 | 72 | 72.00 | 0 | 1 | 0.00 | 0.00 |
| Literature - European | 0 | 1 | 0 | 0 | 10 | 98 | 98.00 | 0 | 0 | 0.00 | 0.00 |
| Fine Arts - Classical Music | 0 | 1 | 0 | 1 | 10 | 110 | 110.00 | 0 | 0 | 0.00 | 0.00 |